Fisiologia articular. (Registro nro. 3193)

Detalles MARC
000 -LEADER
fixed length control field 01002nam a2200253 a 4500
008 - CAMPO DE CONTROL (LIBRO)
fixed length control field 240826e2006 ag ||||f |||| 001 0 spa d
020 ## - INTERNATIONAL STANDARD BOOK NUMBER
ISBN 8479033762
041 ## - CODIGO DE IDIOMA
Código de idioma del texto/pista de sonido o título separado spa
Código de idioma de la versión original y/o traducciones intermedias del texto fre
092 ## - SIGNATURA TOPOGRAFICA DEWEY LOCAL
número de clasificación 612
libristica 46
sección KAP
100 1# - ENTRADA PRINCIPAL--NOMBRE PERSONAL
Nombre personal kapandji, Adalbert.I.
9 (RLIN) 4207
245 ## - TITULO PROPIAMENTE DICHO
Título Fisiologia articular.
Subtítulo y Título paralelo Esquemas comentados de mecánica humana /
Mención de responsabilidad y remanente de la transcripción de la portada Adalbert. I. Kapandji
246 ## - VARIANTE DEL TITULO
Título propiamente dicho/título corto Phisiologie articulaire, 3 .Tronc et Rachis.
250 ## - MENCION DE EDICION
Mención de edición 5ta edición.
Mención de responsabilidad relacionada con la ed. Traducción Maria Torres Lacomba
260 ## - PIE DE IMPRENTA
Lugar de publicación, distribución, etc Madrid:
Nombre de la editorial, distribuidor, etc Editorial Médica Panamericana;
Fecha de publicación 2006.
300 ## - DESCRIPCION FISICA
Extension 252 p.
Otros detalles físicos il.
500 ## - NOTA GENERAL
Nota general Kapandji, A. I. (2006). Fisiología articular. Esquemas comentados de mecánica humana. (5a ed). Madrid : Editorial Médica Panamericana.
653 ## - TÉRMINO INDIZADO - PALABRAS CLAVES
Palabra clave El raquis en conjunto.
653 ## - TÉRMINO INDIZADO - PALABRAS CLAVES
Palabra clave Fisiología articular.
653 ## - TÉRMINO INDIZADO - PALABRAS CLAVES
Palabra clave La cintura pélvica y las articulaciones sacroiliacas.
653 ## - TÉRMINO INDIZADO - PALABRAS CLAVES
Palabra clave El raquis lumbar.
653 ## - TÉRMINO INDIZADO - PALABRAS CLAVES
Palabra clave El raquis dorsal y la respiración.
653 ## - TÉRMINO INDIZADO - PALABRAS CLAVES
Palabra clave El raquis cervical.
942 ## - ADDED ENTRY ELEMENTS (KOHA)
Source of classification or shelving scheme Dewey Decimal Classification
Item type Libros
Existencias
Estado de retiro Existencia Fuente de clasificación Estado general No para prestamo Ubicación permanente ubicación actual Sala de ubicación Fecha de adquisición Fuente de adquisición Total Checkouts Número de clasificación Código de barras Date last seen Número de ejemplar Price effective from Koha tipo de elemento (item) Public note Coded location qualifier
    Dewey Decimal Classification     Biblioteca Medicina Biblioteca Medicina Circulación 26/08/2024 Donación Verde Horacio. Agosto 2024   612 46 KAP 4907 26/08/2024 Ej.1 26/08/2024 Libros Donación Verde Horacio. Agosto 2024.  

UNIVERSIDAD NACIONAL DEL COMAHUE
Biblioteca de la Facultad de Ciencias Médicas
Sede Toschi: Los Arrayanes y Av. Toschi, Cipolletti  - Rio Negro
Sede Los Tordos:  Yrigoyen al 2211, Cipolletti - Rio Negro 

Teléfono: 0299 - 4774707 int 25
Contacto: biblioteca@facimed.uncoma.edu.ar
© 2011 - 2026